El siglo del año mil

Збережено в:
Бібліографічні деталі
Автори: Grodecki, Louis (Автор), Mütherich, Florentine (Автор), Taralon, Jean (Автор), Wormald, Francis (Автор)
Формат: Книга
Мова:Іспанська
Опубліковано: Madrid Aguilar 1973
Серія:El universo de las formas
Предмети:
Теги: Додати тег
Немає тегів, Будьте першим, хто поставить тег для цього запису!

MARC

LEADER 00000nam a2200000 a 4500
001 UCY2298
003 CL-VaPUC
008 941020e19730000SP |||||||||||||||||spa|d
082 0 4 |a 709.021  |b GRO  |2 21 
100 |a Grodecki, Louis  |e author  |9 333228 
700 0 |a Mütherich, Florentine  |e author  |9 330361 
700 0 |a Taralon, Jean  |e author  |9 330362 
700 0 |a Wormald, Francis  |e author  |9 330363 
245 1 3 |a El siglo del año mil 
300 |a 444 p 
942 |c BK 
945 |d 19941020 00:00:00  |a mfernand 
260 |a Madrid  |b Aguilar  |c 1973 
650 0 |a Arte románico   |9 301890 
583 |a last modification  |c 19941020 00:00:00  |k Rodrigo Vera 
490 0 |a El universo de las formas 
999 |c 230749  |d 230747 
952 |0 0  |1 0  |4 0  |6 709_021000000000000_GRO_1973  |7 0  |8 F  |9 233252  |a BIBARQ  |b BIBARQ  |d 2019-11-15  |i 3029026  |o 709.021 GRO 1973  |p 3029026  |r 2025-01-20  |w 2019-11-15  |y BK_F  |k ARQ